000 00593nam a2200229Ia 4500
003 OSt
005 20221007081553.0
006 a|||||r|||| 00| 0
007 ta
008 221006b |||||||| |||| 00| 0 eng d
020 _a9211334209
024 _a18,621
037 _cReports / Technical Reports
040 _aFLL
_cFLL
_beng
041 _2eng
_aeng
082 _aZ1,215, N2
245 0 _aLaw of the sea
260 _aNew York
_bUnited Nations USA
_c1992
300 _a152p
_ccm.
942 _hZ1,215, N2
_cREP
_2CC
999 _c1163555
_d1163555